000 01542nam a22003137a 4500
001 6312
003 FISKH
005 20250813135027.0
008 250410b cb ||||| |||| 00| 0 eng d
020 _a9781740898034
040 _aTEFMT
_beng
_erda
_cTEFMT
050 _aPZ5
082 _a398.21
100 _aRyan, Denise
245 0 0 _aRain or shine /
_cDenise Ryan
260 _aWeldon Owen :
_bSydney,
_c2008.
300 _a22 unnumbered pages :
_bcolor illustrations ;
_c23 cm
490 _aTop Reader
_vStag 1
500 _aProgram notes inserted in container.
505 _aD
511 0 _aHouston Person, tenor saxophone ; Warren Vaché, cornet ; Lafayette Harris, piano ; Rodney Jones, guitar ; Matthew Paris, bass ; Vincent Ector, drums.
520 _aThese books are designed for children who are beginning to read. They feature a single, familiar topic and concept, single word labels, strong word-picture match and consistent placement of text. A series of beautifully designed, fact-filled books, richly illustrated with a wealth of accurate, full-colour illustrations, intriguing diagrams, cross sections and cutaways. The text has been carefully leveled to support children's reading development. Ideal to help all beginner readers gain confidence while they practice their reading skills enthusiastically.
521 8 _a160
_bLexile estimate
521 8 _aD
_bRaz-Plus
650 _2Science
_0Earth
906 _a7
_bcbc
_ccopycat
_d2
_encip
_f20
_gy-soundrec
942 _2ddc
_cBK
_n0
999 _c6312
_d6312